000 00401nam a2200157 a 4500
005 20140310183208.0
008 030207s19uu xx 00 eng d
050 _aPZ 7
_b.D633 1976
100 _aAdoner, Maeva Park
245 _aSea wind /
_cMaeva Park Adoner.
260 _aNew York :
_bDell Pub,
_c1976.
300 _a254 p. :
_c18 cm.
650 _aFiction
942 _cBK
_2lcc
999 _c20054
_d20054